Bologna brucia /

Guardat en:
Dades bibliogràfiques
Autor principal: Maldini, Sergio (Autor)
Format: Llibre
Idioma:italià
Publicat: Venezia : Marsilio, c1996
Col·lecció:Romanzi e racconti
Etiquetes: Afegir etiqueta
Sense etiquetes, Sigues el primer a etiquetar aquest registre!

MARC

LEADER 00000nam a22000007i 4500
001 IT\ICCU\RAV\0283252
003 ItRI
005 20260115231905.0
008 961112s1996 it |||||| |||||1|||||c
020 |a 8831764462 
040 |b ita  |c importazione bologna sebina 
041 7 |a ita  |2 ISO-639-2 
082 |a 853.914  |9 NARRATIVA ITALIANA. 1945-  |2 20 
100 1 |a Maldini, Sergio  |0 IT\ICCU\CFIV\029205  |4 aut 
245 1 0 |a Bologna brucia /  |c Sergio Maldini. 
260 |a Venezia :  |b Marsilio,  |c c1996 
300 |a 230 p. ;  |c 22 cm. 
830 0 |a Romanzi e racconti  |0 IT\ICCU\CFI\0081871 
942 |2 ddc  |c BK  |n 0 
952 |0 0  |1 0  |4 0  |6 DOC_853_914000000000000_MAL  |7 0  |9 15515  |a BO  |b BO  |d 2026-01-15  |i 14074  |l 0  |o DOC 853.914 MAL  |p BO14074  |r 2026-01-15 23:19:05  |w 2026-01-15  |x [Sebina 5] [1 v.]  |y BK  |z 1 v. 
999 |c 13356  |d 13356